Upcoming Movies Quiz (2020) - Statistics

General Stats
  • This quiz has been taken 128 times
  • The average score is 13 of 38
Answer Stats
Hint Movie % Correct
First Phase 4 Marvel movie - Scar Jo Black Widow
77%
Female DC Superhero - Sequel Wonder Woman 1984
73%
Live action reboot of Disney's adaptation of a Chinese legend Mulan
64%
Daniel Craig's final Bond Movie No Time to Die
58%
Pixar - Starring Tom Holland & Chris Pratt Onward
58%
Group of female superheroes Birds of Prey
53%
Buddy-cop flick starring Will Smith & Martin Lawrence - 3 Bad Boys for Life
52%
Not so long awaited sequel to Despicable Me spin-off Minions 2
52%
Shhhhhhhh... the sequel A Quiet Place: Part II
50%
Man who speaks to animals Dolittle
50%
Marvel - powerful immortals who helped shape humanity Eternals
50%
9th movie in the bonkers car-based series Fast and Furious 9
50%
Big Lizard vs Big Gorilla Godzilla vs Kong
48%
Gotta go fast Sonic the Hedgehog
48%
Plastic girl in her own world Barbie
47%
31st October Murder Halloween Kills
43%
Kingsmen prequel The King's Man
42%
Tom Holland starring video game adaptation Uncharted
41%
Long awaited sequel to Tom Cruise starring action film Top Gun: Maverick
38%
Cavemen animated movie - sequel The Croods 2
37%
Constantly delayed X-men universe horror story The New Mutants
35%
Justice League's 'Tin Man' Cyborg
29%
Hal Jordan attempt No.2 Green Lantern Corps
25%
Long awaited sequel to Keanu Reeves & Alex Winter starring comedy Bill and Ted Face the Music
24%
Reboot of 2004 Japanese inspired horror movie The Grudge
23%
Long awaited Reese Witherspoon leading sequel Legally Blonde 3
22%
Beatrix Potter adaptation - sequel Peter Rabbit 2: The Runaway
22%
Singing mythical creatures - sequel Trolls World Tour
21%
12-year-old criminal mastermind Artemis Fowl
19%
James Wan produced horror sequel The Conjuring: The Devil Made Me Do It
17%
Long awaited sequel to classic paranormal fighting movie Ghostbusters: Afterlife
16%
Roald Dahl adaptation The Witches
14%
Another Tom Hanks starring WWII movie Greyhound
12%
Re-imagining of classic Charles Dickens novel - led by Dev Patel The Personal History of David Copperfield
12%
Based on Valiant Comic's super-soldier assassin Bloodshot
9%
Another Paul W.S. Anderson video game adaptation Monster Hunter
7%
Rom com starring Kumail Nanjiani & Issa Rae The Lovebirds
7%
Movie adaptation of popular TV drama Fantasy Island
2%
No matching quizzes found
Score Distribution
Percent of People with Each Score
Percentile by Number Answered
Your Score History
You have not taken this quiz